| 000 | 00844nam a22002297a 4500 | ||
|---|---|---|---|
| 999 |
_c16981 _d16981 |
||
| 003 | AR-CdUCM | ||
| 008 | 190507b ||||| |||| 00| 0 spa d | ||
| 040 |
_aMUNICIPALIDAD PROVINCIAL DEL CUSCO _cBIBLIOTECA MUNICIPAL DEL CUSCO |
||
| 082 |
_a370.4 / _bC12 |
||
| 100 |
_aCaballero Rodríguez, Juan _936768 |
||
| 245 | _aEl espíritu de la enseñanza / | ||
| 260 |
_aBarcelona : _bImpr. de Henrich y Cía. en C, _c1909. |
||
| 300 |
_aXXI, 198 páginas ; _bfiguras, _c16 cm. |
||
| 440 |
_aBiblioteca Sociológica Internacional. _926726 |
||
| 505 | _aContenido: Antropología -- Higiene -- Pedagogía propiamente dicha. | ||
| 650 |
_aEducación _9460 |
||
| 650 |
_aEnsayos, conferencias _91255 |
||
| 650 |
_aPedagogía _91560 |
||
| 700 |
_aGiner de los Ríos, Hermenegildo (prólogo) _936769 |
||
| 942 |
_2ddc _cLIBROS |
||
| 945 |
_aachl _d2019-05-07 |
||